| 000 | 01010nas a2200313 4500 | ||
|---|---|---|---|
| 001 | BR2014003813 | ||
| 003 | BR-BrBNA | ||
| 005 | 20231205124136.0 | ||
| 007 | ta | ||
| 008 | 230509b bl.|||p| |||| 00| 00por d | ||
| 040 |
_aBR-BrBNA _bpor _cBiblioteca Nacional de Agricultura |
||
| 041 | _a(Pt) | ||
| 072 | _aL01 | ||
| 100 | 1 | _aMadeira, L.A. | |
| 100 | 1 | _aSartori, J.R. | |
| 100 | 1 | _aAraujo, P.C. | |
| 100 | 1 | _aPizzolante, C.C. | |
| 100 | 1 | _aSaldanha, E.S.P.B. | |
| 100 | 1 | _aPezzato, A.C. | |
| 245 | 1 | _aAvaliação do desempenho e do rendimento de carcaça de quatro linhagens de frangos de corte em dois sistemas de criação | |
| 650 | _aFRANGO DE CORTE | ||
| 650 | _aCARCAÇA | ||
| 650 | _aCONFINAMENTO | ||
| 650 | _aPRODUÇÃO ANIMAL | ||
| 773 | 0 |
_tRevista Brasileira de Zootecnia (Brazil) _xISSN 1806-9290 _g(Oct 2010), v. 39(10) p. 2214-2221 _wBR2014003813 |
|
| 856 | 4 | 0 | _uhttp://www.scielo.br/pdf/rbz/v39n10/17.pdf |
| 909 |
_a202311 _bLúcia _c55 _dLúcia Elande |
||
| 942 |
_2AGRIS _n0 _cANA |
||
| 999 |
_c237510 _d237510 |
||